Tutti gli Stati che hanno controllato Bratislava - Statistics

Statistiche generali
  • Questo quiz è stato fatto 7 volte
  • Il punteggio medio è 23 su 30
Statistiche sulle risposte
con Immagini Hint Risposta % Corretto
1526 - 1533 Arciducato d'Austria
100%
1539 - 1804 Arciducato d'Austria
100%
1804 - 1867 Impero Austriaco
100%
1867 - 1918 Impero Austro-Ungarico
100%
800 - 823 Impero Carolingio
100%
1533 - 1539 Impero Ottomano
100%
14 - 395 Impero Romano
100%
395 - 408 Impero Romano d'Occidente
100%
409 - 434 Impero Romano d'Occidente
100%
1918 - 1938 Prima Repubblica Cecoslovacca
100%
796 - 800 Regno dei Franchi
100%
1989 - 1992 Repubblica Federale Ceca e Slovacca
100%
1992 - Oggi Repubblica Slovacca
100%
1960 - 1989 Repubblica Socialista Cecoslovacca
100%
1938 - 1939 Seconda Repubblica Cecoslovacca
100%
1945 - 1960 Terza Repubblica Cecoslovacca
100%
434 - 454 Regno degli Unni
86%
1000 - 1526 Regno d'Ungheria
86%
493 - 527 Regno Ostrogoto
86%
408 - 409 Tribù Visigote
86%
568 - 623 Khaganato degli Avari
57%
657 - 796 Khaganato degli Avari
57%
1939 - 1945 Stato Slovacco
57%
833 - 903 Regno della Grande Moravia
43%
903 - 1000 Principato d'Ungheria
29%
200 a.C. - 14 Tribù dei Boi
29%
527 - 568 Tribù Longobarde
29%
454 - 493 Tribù Ostrogote
29%
823 - 833 Principato di Nitra
14%
623 - 657 Regno di Samo
14%
Nessun quiz corrispondente trovato
Distribuzione punteggi
Percentuale di utenti per punteggio
Percentile per numero di risposta
I tuoi punteggi nel tempo
Non hai fatto questo quiz